LEADER 01252nam a2200313 i 4500 001 991004136349707536 005 20020509154549.0 008 950121s|||| fr ||| | fre 035 $ab11270597-39ule_inst 035 $aPARLA196065$9ExL 040 $aDip.to Scienze dell'Antichità$bita 100 1 $aCicero, Marcus Tullius$082411 245 10$aPour Caelius; Sur les provinces consulaires ; Pour Balbus /$cCicéron ; texte établi et traduit par Jean Cousin 260 $a2. tirage revu et corrig : 300 $aParis :$bLes Belles Lettres, 1969 - 282 p. (paginazione varia) ;$c20 cm. 490 0 $aCollection des Universités de France. Série latine 490 0 $aDiscours ;$v15. 500 $a1Testo latino a fronte 500 $a2Tome 15. di: Discours 700 1 $aCousin, Jean 740 0 $aIn Senatu de provinciis consularibus 740 0 $aPro L. Cornelio Balbo 740 0 $aPro M. Caelio 907 $a.b11270597$b23-02-17$c01-07-02 912 $a991004136349707536 945 $aLE007 I Coll. 4 Cicero 24$g1$i2015000115171$lle007$o-$pE0.00$q-$rl$s- $t0$u0$v0$w0$x0$y.i11433917$z01-07-02 996 $aPro Caelio$919703 997 $aUNISALENTO 998 $ale007$b01-01-95$cm$da $e-$ffre$gfr $h0$i1